[Event "Tradewise Gibraltar Chess Festival 2013"]
[Site "Gibraltar ENG"]
[Date "2013.01.28"]
[Round "7.11"]
[White "David, Alberto"]
[Black "Oparin, Grigoriy"]
[Result "0-1"]
[WhiteElo "2599"]
[BlackElo "2478"]
[PlyCount "62"]
[EventDate "2013.01.22"]
[EventType "swiss"]
[EventRounds "10"]
[EventCountry "ENG"]
[Source "lmi"]
[SourceDate "2013.01.22"]

1. e4 c5 2. d3 Nc6 3. g3 d5 4. Nd2 Nf6 5. Ngf3 g6 6. Bg2 Bg7 7. O-O O-O 8. Re1
dxe4 9. dxe4 Be6 10. c3 h6 11. Qe2 Qb6 12. Nc4 Qa6 13. Nfd2 Ng4 14. Bf1 Rfd8
15. f4 b5 16. h3 bxc4 17. hxg4 Rd3 18. f5 gxf5 19. gxf5 Rxg3+ 20. Bg2 Bd7 21.
Nxc4 Ne5 22. Bf4 Rxg2+ 23. Qxg2 Nxc4 24. Rad1 Kh7 25. Rxd7 Rg8 26. Kh1 Bxc3 27.
Qxg8+ Kxg8 28. bxc3 Qf6 29. Bg3 Qxc3 30. Rxe7 Kf8 31. Rxa7 Qxg3 0-1

[Event "Tradewise Gibraltar Chess Festival 2013"]
[Site "Gibraltar ENG"]
[Date "2013.01.28"]
[Round "7.12"]
[White "Sandipan, Chanda"]
[Black "Paehtz, Elisabeth"]
[Result "1-0"]
[WhiteElo "2590"]
[BlackElo "2482"]
[PlyCount "91"]
[EventDate "2013.01.22"]
[EventType "swiss"]
[EventRounds "10"]
[EventCountry "ENG"]
[Source "lmi"]
[SourceDate "2013.01.22"]

1. d4 e6 2. c4 Bb4+ 3. Bd2 a5 4. g3 d6 5. Bg2 e5 6. dxe5 dxe5 7. Nc3 Nf6 8. Nf3
Nbd7 9. Qc2 c6 10. O-O Qe7 11. a3 Bc5 12. Na4 Ba7 13. b4 O-O 14. bxa5 e4 15.
Nh4 Qe5 16. Kh1 Re8 17. f3 Bd4 18. Rad1 e3 19. f4 Qc7 20. Be1 Bc5 21. Nxc5 Nxc5
22. f5 Bd7 23. Rf4 Rad8 24. Bb4 Na6 25. Bc3 Bc8 26. Rxd8 Qxd8 27. Bf3 Qd6 28.
Qb2 Nc5 29. Rd4 Qc7 30. Qc2 Ncd7 31. Rd3 Nc5 32. Rd4 Ncd7 33. Bg2 c5 34. Rd1
Ne5 35. Kg1 Bd7 36. Qb2 Bc8 37. Bxe5 Rxe5 38. Qb6 Qxb6 39. axb6 Kf8 40. a4 Ke7
41. a5 Ne4 42. Nf3 Rxf5 43. Bh3 Rxf3 44. exf3 Nf2 45. Bxc8 Nxd1 46. Kf1 1-0

[Event "Tradewise Gibraltar Chess Festival 2013"]
[Site "Gibraltar ENG"]
[Date "2013.01.28"]
[Round "7.14"]
[White "Al-Sayed, Mohammed"]
[Black "Felgaer, Ruben"]
[Result "1/2-1/2"]
[WhiteElo "2507"]
[BlackElo "2557"]
[PlyCount "59"]
[EventDate "2013.01.22"]
[EventType "swiss"]
[EventRounds "10"]
[EventCountry "ENG"]
[Source "lmi"]
[SourceDate "2013.01.22"]

1. d4 d5 2. c4 c6 3. Nc3 dxc4 4. e3 b5 5. a4 b4 6. Ne4 Qd5 7. Nd2 c3 8. Ndf3
Nf6 9. Ne2 Nbd7 10. bxc3 e5 11. c4 Qa5 12. Ng3 g6 13. Bd3 Bg7 14. O-O O-O 15.
Bb2 exd4 16. exd4 Re8 17. Qd2 Ba6 18. h3 Rad8 19. Rfe1 c5 20. d5 Qc7 21. a5
Rxe1+ 22. Rxe1 Re8 23. Rxe8+ Nxe8 24. Bxg7 Kxg7 25. Qg5 Nef6 26. Nf5+ Kh8 27.
Nh6 Kg7 28. Nf5+ Kh8 29. Nh6 Kg7 30. Nf5+ 1/2-1/2

[Event "Tradewise Gibraltar Chess Festival 2013"]
[Site "Gibraltar ENG"]
[Date "2013.01.28"]
[Round "7.16"]
[White "Gunina, Valentina"]
[Black "Jussupow, Artur"]
[Result "1/2-1/2"]
[WhiteElo "2490"]
[BlackElo "2611"]
[PlyCount "96"]
[EventDate "2013.01.22"]
[EventType "swiss"]
[EventRounds "10"]
[EventCountry "ENG"]
[Source "lmi"]
[SourceDate "2013.01.22"]

1. d4 Nf6 2. c4 e6 3. Nf3 b6 4. g3 Bb4+ 5. Bd2 a5 6. Bg2 O-O 7. O-O Ba6 8. a3
Be7 9. Qc2 c6 10. Rc1 d5 11. cxd5 cxd5 12. Nc3 Nbd7 13. Qa4 Bc4 14. Bf4 Nh5 15.
Be3 b5 16. Qd1 b4 17. Na4 Qb8 18. Nd2 Bb5 19. Bf3 Nhf6 20. Bf4 Qa7 21. axb4
Qxd4 22. bxa5 Rxa5 23. Nc3 Rxa1 24. Rxa1 Bc6 25. e4 Ne5 26. Bg2 Nd3 27. Be3 Qb4
28. exd5 Nxd5 29. Nxd5 Bxd5 30. Bxd5 exd5 31. Nf3 Qe4 32. Ra4 Nb4 33. Bd4 h6
34. Bc3 Rb8 35. Ne5 Bc5 36. Qf3 Qxf3 37. Nxf3 Nd3 38. Bd4 Nxb2 39. Ra5 Bxd4 40.
Nxd4 Nd3 41. Rxd5 Rb1+ 42. Kg2 Rb2 43. Ne2 Ne1+ 44. Kf1 Nf3 45. h3 Nd2+ 46. Kg2
Ne4 47. Kf1 Rb1+ 48. Kg2 Rb2 1/2-1/2

[Event "Tradewise Gibraltar Chess Festival 2013"]
[Site "Gibraltar ENG"]
[Date "2013.01.28"]
[Round "7.17"]
[White "Wojtaszek, Radoslaw"]
[Black "Hoang, Thanh Trang"]
[Result "1-0"]
[WhiteElo "2723"]
[BlackElo "2469"]
[PlyCount "93"]
[EventDate "2013.01.22"]
[EventType "swiss"]
[EventRounds "10"]
[EventCountry "ENG"]
[Source "lmi"]
[SourceDate "2013.01.22"]

1. d4 f5 2. Nf3 Nf6 3. c4 g6 4. g3 Bg7 5. Bg2 O-O 6. O-O d6 7. Nc3 c6 8. Rb1
Na6 9. d5 Bd7 10. b4 Qe8 11. dxc6 bxc6 12. a3 Nc7 13. Bb2 Rc8 14. e3 h6 15. c5
dxc5 16. bxc5 Ncd5 17. Nxd5 cxd5 18. Bxf6 Bxf6 19. Qxd5+ e6 20. Qc4 Be7 21. Ne5
Rxc5 22. Qd4 Bb5 23. Rfe1 Rc7 24. Nxg6 Qxg6 25. Rxb5 Bxa3 26. Ra5 Be7 27. Qe5
Bd8 28. Ra6 Re7 29. Rc6 Qf6 30. Qb5 Bb6 31. Rd1 Kg7 32. Bf1 Rd8 33. Rxd8 Bxd8
34. Bc4 Bb6 35. Kg2 Kg6 36. Qb4 Kf7 37. Qd6 Ba5 38. Qb8 Bb6 39. Rc8 Qg7 40. Be2
Kf6 41. Rg8 Rb7 42. Qe8 Re7 43. Qa8 Qh7 44. Bh5 Rd7 45. f4 Bc5 46. Qe8 Rg7 47.
Rh8 1-0

[Event "Tradewise Gibraltar Chess Festival 2013"]
[Site "Gibraltar ENG"]
[Date "2013.01.28"]
[Round "7.18"]
[White "Swiercz, Dariusz"]
[Black "Cernousek, Lukas"]
[Result "1/2-1/2"]
[WhiteElo "2627"]
[BlackElo "2453"]
[PlyCount "125"]
[EventDate "2013.01.22"]
[EventType "swiss"]
[EventRounds "10"]
[EventCountry "ENG"]
[Source "lmi"]
[SourceDate "2013.01.22"]

1. Nf3 Nf6 2. c4 g6 3. Nc3 d5 4. cxd5 Nxd5 5. d3 Bg7 6. Bd2 O-O 7. g3 Nc6 8.
Bg2 Nb6 9. O-O e5 10. Rc1 Nd4 11. Ne4 Nd5 12. Re1 c6 13. b4 Re8 14. Nc5 b6 15.
Ne4 Bb7 16. a4 h6 17. a5 Rc8 18. Qa4 Qe7 19. Rb1 Kh7 20. Nc3 b5 21. Qd1 Nxf3+
22. exf3 Nxc3 23. Bxc3 c5 24. Qb3 Qd7 25. Re3 Bd5 26. Qb2 cxb4 27. Qxb4 Qc7 28.
Ba1 a6 29. Rbe1 Bf8 30. Qd2 Qc2 31. Qxc2 Rxc2 32. f4 Bxg2 33. Kxg2 Bb4 34. R1e2
Rxe2 35. Rxe2 f6 36. fxe5 fxe5 37. f4 Rd8 38. fxe5 Rxd3 39. e6 Rd8 40. Rc2 Re8
41. Rc7+ Re7 42. Rc6 Bxa5 43. Bf6 Re8 44. Rxa6 Bb4 45. h4 Kg8 46. g4 Be7 47. g5
hxg5 48. hxg5 b4 49. Kh3 b3 50. Rb6 Bc5 51. Rc6 Bf8 52. Rb6 Bg7 53. Kg4 b2 54.
Rxb2 Bxf6 55. gxf6 Rxe6 56. Kg5 Re1 57. Rb8+ Kf7 58. Rb7+ Kf8 59. Kxg6 Rg1+ 60.
Kf5 Rf1+ 61. Kg6 Rg1+ 62. Kf5 Rf1+ 63. Kg6 1/2-1/2

[Event "Tradewise Gibraltar Chess Festival 2013"]
[Site "Gibraltar ENG"]
[Date "2013.01.28"]
[Round "7.19"]
[White "Akesson, Ralf"]
[Black "Ehlvest, Jaan"]
[Result "0-1"]
[WhiteElo "2441"]
[BlackElo "2603"]
[PlyCount "66"]
[EventDate "2013.01.22"]
[EventType "swiss"]
[EventRounds "10"]
[EventCountry "ENG"]
[Source "lmi"]
[SourceDate "2013.01.22"]

1. d4 Nf6 2. c4 e6 3. Nc3 Bb4 4. Qc2 O-O 5. a3 Bxc3+ 6. Qxc3 b6 7. Bg5 c5 8.
dxc5 bxc5 9. Nf3 d6 10. Rd1 Nc6 11. Bxf6 gxf6 12. e3 Rb8 13. Rd2 Qe7 14. Be2
Bb7 15. O-O Rfd8 16. Ne1 f5 17. f4 Qf8 18. Rf3 f6 19. Rg3+ Kh8 20. Nf3 Rd7 21.
b4 cxb4 22. axb4 a6 23. c5 Nxb4 24. Rxd6 Nd5 25. Qd4 Rxd6 26. cxd6 Qxd6 27. Ng5
Qe7 28. Rh3 e5 29. Qa7 Ra8 30. Rxh7+ Qxh7 31. Qxa8+ Bxa8 32. Nxh7 Kxh7 33. Bxa6
Nxe3 0-1

[Event "Tradewise Gibraltar Chess Festival 2013"]
[Site "Gibraltar ENG"]
[Date "2013.01.28"]
[Round "7.20"]
[White "Kulaots, Kaido"]
[Black "Kjartansson, Gudmundur"]
[Result "0-1"]
[WhiteElo "2587"]
[BlackElo "2408"]
[PlyCount "206"]
[EventDate "2013.01.22"]
[EventType "swiss"]
[EventRounds "10"]
[EventCountry "ENG"]
[Source "lmi"]
[SourceDate "2013.01.22"]

1. e4 c6 2. d4 d5 3. exd5 cxd5 4. c4 Nf6 5. Nc3 Nc6 6. Bg5 dxc4 7. Bxc4 h6 8.
Be3 e6 9. Nf3 Be7 10. a3 O-O 11. Qd3 a6 12. Ba2 Ng4 13. Rd1 Nxe3 14. fxe3 b5
15. O-O b4 16. Bb1 g6 17. axb4 Rb8 18. Qe4 Qc7 19. Rc1 Bd7 20. Ne2 Qd6 21. Nf4
Kg7 22. Nh5+ Kg8 23. Qg4 Be8 24. Ng3 f5 25. Qh3 h5 26. Ne2 g5 27. Nd2 Rxb4 28.
Nc4 Qd5 29. Bd3 h4 30. Nc3 g4 31. Nxd5 exd5 32. Bxf5 gxh3 33. Be6+ Kg7 34. Bxd5
Rxf1+ 35. Rxf1 Nd8 36. Rf2 Bf7 37. Bxf7 Nxf7 38. Rc2 Bf6 39. gxh3 Rb5 40. Kg2
a5 41. Kf3 Kg6 42. Rg2+ Kh5 43. Rg8 Ng5+ 44. Kg2 a4 45. Rc8 Kg6 46. Rc6 Rb3 47.
Kf1 Nxh3 48. Ke2 Ng5 49. Ne5+ Kf5 50. Nd3 a3 51. bxa3 Rxa3 52. Rc5+ Kg4 53.
Nf2+ Kh5 54. h3 Ra2+ 55. Kf1 Kg6 56. Rc6 Nf3 57. Kg2 Ng5 58. Kf1 Kf7 59. Rc7+
Be7 60. Rc6 Ra3 61. Rh6 Rxe3 62. Rxh4 Nf3 63. Rf4+ Kg6 64. Ng4 Nd2+ 65. Kg2 Ra3
66. Ne5+ Kh6 67. Rf2 Nb3 68. Re2 Kh5 69. Nf3 Bd6 70. Rc2 Na1 71. Rb2 Nb3 72.
Rc2 Bb8 73. Rb2 Bf4 74. Rc2 Na1 75. Rb2 Nb3 76. Rc2 Bd6 77. Rb2 Bc7 78. Rc2 Bf4
79. Rb2 Kh6 80. Rc2 Nc1 81. Rb2 Nd3 82. Rb6+ Kh5 83. Rb5+ Kh6 84. Rb6+ Kg7 85.
Rb7+ Kf6 86. Rb6+ Kf5 87. Nh4+ Ke4 88. Re6+ Kxd4 89. Nf3+ Kd5 90. Re2 Bd6 91.
Rd2 Ke4 92. Re2+ Kf5 93. Nd4+ Kg5 94. Re3 Kf4 95. Re2 Bb8 96. Ne6+ Kf5 97. Nd4+
Kg5 98. Nf3+ Kh5 99. Rc2 Nf4+ 100. Kf2 Nxh3+ 101. Kg2 Nf4+ 102. Kf2 Kg4 103.
Nh2+ Kh3 0-1

[Event "Tradewise Gibraltar Chess Festival 2013"]
[Site "Gibraltar ENG"]
[Date "2013.01.28"]
[Round "7.21"]
[White "Vazquez Igarza, Renier"]
[Black "Trent, Lawrence"]
[Result "1-0"]
[WhiteElo "2565"]
[BlackElo "2429"]
[PlyCount "92"]
[EventDate "2013.01.22"]
[EventType "swiss"]
[EventRounds "10"]
[EventCountry "ENG"]
[Source "lmi"]
[SourceDate "2013.01.22"]

1. Nf3 e6 2. c4 f5 3. g3 Nf6 4. Bg2 Be7 5. O-O O-O 6. d4 d6 7. b3 Ne4 8. Bb2
Bf6 9. Nfd2 Nxd2 10. Qxd2 Nc6 11. d5 Bxb2 12. Qxb2 exd5 13. Bxd5+ Kh8 14. e3
Ne5 15. Nc3 Qf6 16. Qd2 c6 17. Bg2 Be6 18. f4 Nf7 19. e4 Qd8 20. Kh1 Qa5 21.
Rae1 Rfe8 22. h3 fxe4 23. g4 Bd7 24. Bxe4 Re6 25. Bb1 Rae8 26. Qd3 Kg8 27. Rxe6
Rxe6 28. Qxh7+ Kf8 29. Qd3 d5 30. cxd5 cxd5 31. Qd4 Bc6 32. Kg1 Qd8 33. g5 Qe7
34. Bf5 Re3 35. Kf2 Nd6 36. Qxe3 Qxe3+ 37. Kxe3 Nxf5+ 38. Kd2 d4 39. Ne2 Ke7
40. Rc1 Kd6 41. a4 Bg2 42. h4 g6 43. Rc8 Kd5 44. Re8 Nxh4 45. Re5+ Kd6 46. Nxd4
a6 1-0

[Event "Tradewise Gibraltar Chess Festival 2013"]
[Site "Gibraltar ENG"]
[Date "2013.01.28"]
[Round "7.22"]
[White "Zhou, Yang-Fan"]
[Black "Dzagnidze, Nana"]
[Result "0-1"]
[WhiteElo "2439"]
[BlackElo "2555"]
[PlyCount "130"]
[EventDate "2013.01.22"]
[EventType "swiss"]
[EventRounds "10"]
[EventCountry "ENG"]
[Source "lmi"]
[SourceDate "2013.01.22"]

1. e4 c5 2. Nf3 e6 3. b3 Nc6 4. Bb2 Nf6 5. e5 Ng4 6. h3 Nh6 7. g3 b6 8. Bg2 Bb7
9. O-O Be7 10. Nc3 O-O 11. Ne4 Nf5 12. Re1 Rc8 13. c4 d5 14. exd6 Nxd6 15. Nxd6
Qxd6 16. a3 Rfd8 17. Bc3 Bf6 18. Bxf6 gxf6 19. Qc2 Na5 20. Qc3 Bxf3 21. Qxf3 f5
22. Rad1 Qd4 23. Re3 Nc6 24. Qh5 Ne7 25. h4 Qf6 26. Qe2 Rd4 27. Rd3 Rcd8 28.
Rxd4 Qxd4 29. Bf3 Ng6 30. Qe3 Qf6 31. Qc3 Ne5 32. Be2 Rd4 33. f4 Nd7 34. Bf3 e5
35. fxe5 Nxe5 36. Be2 f4 37. Rf1 Qg7 38. Kg2 Rd3 39. Bxd3 Qxg3+ 40. Kh1 Qxh4+
41. Kg2 Qg3+ 42. Kh1 Qh3+ 43. Kg1 Qg3+ 44. Kh1 Nxd3 45. Qf6 h5 46. Qd8+ Kg7 47.
Qd5 h4 48. Qf3 Kh6 49. Qc6+ Kh5 50. Qd5+ Kg6 51. Qe4+ Kf6 52. Qc6+ Kf5 53. Qc8+
Kg5 54. Qg8+ Kf6 55. Qh8+ Ke7 56. Qa8 Nf2+ 57. Rxf2 Qxf2 58. Qxa7+ Kf6 59.
Qxb6+ Kg7 60. Qd6 Qe1+ 61. Kg2 h3+ 62. Kf3 Qf1+ 63. Kg4 Qg2+ 64. Kh4 Qg3+ 65.
Kh5 Qg6+ 0-1

[Event "Tradewise Gibraltar Chess Festival 2013"]
[Site "Gibraltar ENG"]
[Date "2013.01.28"]
[Round "7.24"]
[White "Docx, Stefan"]
[Black "Gordon, Stephen J"]
[Result "1/2-1/2"]
[WhiteElo "2426"]
[BlackElo "2533"]
[PlyCount "148"]
[EventDate "2013.01.22"]
[EventType "swiss"]
[EventRounds "10"]
[EventCountry "ENG"]
[Source "lmi"]
[SourceDate "2013.01.22"]

1. d4 Nf6 2. c4 g6 3. Nc3 d5 4. Bf4 Bg7 5. e3 O-O 6. Nf3 c5 7. dxc5 Ne4 8. Be5
Bxe5 9. Nxe5 Nxc3 10. bxc3 Qa5 11. Qb3 Qc7 12. Nf3 dxc4 13. Bxc4 Nd7 14. c6
Qxc6 15. O-O Nc5 16. Qa3 Qc7 17. Nd4 Bd7 18. Nb5 Bxb5 19. Bxb5 Rfd8 20. Be2 b6
21. Bf3 Rac8 22. Rad1 Nd3 23. Be2 Ne5 24. Rd4 Nc6 25. Rxd8+ Rxd8 26. Rd1 Rxd1+
27. Bxd1 Qd8 28. Bf3 Na5 29. g3 Qc7 30. Qa4 Nc4 31. Bd5 Nd6 32. Bc6 e6 33. Bf3
Nc4 34. Be2 Na5 35. Qd4 Nc6 36. Qa4 Kg7 37. h3 Kg8 38. Kg2 Ne5 39. Qd4 Qc6+ 40.
Kg1 Nd7 41. Bf3 Qc7 42. Kg2 Nc5 43. Kg1 Qd7 44. Kg2 Qxd4 45. cxd4 Na4 46. Kf1
Nc3 47. a3 Kf8 48. Be2 Ke7 49. Bd3 Kd6 50. Ke1 e5 51. dxe5+ Kxe5 52. f3 f5 53.
Kd2 Nd5 54. f4+ Ke6 55. e4 fxe4 56. Bxe4 Nf6 57. Ke3 Nxe4 58. Kxe4 h5 59. g4 h4
60. Kd4 a6 61. a4 b5 62. axb5 axb5 63. Kc5 b4 64. Kxb4 Kd5 65. Kc3 Ke4 66. f5
gxf5 67. gxf5 Kxf5 68. Kd3 Kf4 69. Ke2 Kg3 70. Kf1 Kxh3 71. Kg1 Kg3 72. Kh1 h3
73. Kg1 h2+ 74. Kh1 Kh3 1/2-1/2

[Event "Tradewise Gibraltar Chess Festival 2013"]
[Site "Gibraltar ENG"]
[Date "2013.01.28"]
[Round "7.25"]
[White "Milliet, Sophie"]
[Black "Cramling, Pia"]
[Result "0-1"]
[WhiteElo "2403"]
[BlackElo "2518"]
[PlyCount "88"]
[EventDate "2013.01.22"]
[EventType "swiss"]
[EventRounds "10"]
[EventCountry "ENG"]
[Source "lmi"]
[SourceDate "2013.01.22"]

1. e4 c5 2. Nf3 e6 3. d4 cxd4 4. Nxd4 Nf6 5. Nc3 d6 6. f4 Be7 7. Be3 Nc6 8. Qf3
O-O 9. O-O-O Nxd4 10. Rxd4 Qa5 11. Rd1 Bd7 12. g4 Bc6 13. g5 Nd7 14. Bh3 b5 15.
Kb1 b4 16. Ne2 Nc5 17. Bxc5 dxc5 18. f5 exf5 19. Qxf5 Qc7 20. Nf4 g6 21. Nd5
Bxd5 22. Qxd5 c4 23. Bd7 Qc5 24. Qxc5 Bxc5 25. Bc6 Rac8 26. Bd5 Be3 27. h4 Kg7
28. Rh3 Bf4 29. Rf1 Be5 30. h5 gxh5 31. Rxh5 Bd4 32. Rh3 c3 33. b3 Rc7 34. Rf5
Re8 35. Rhf3 Re5 36. Rd3 Rxf5 37. exf5 Bb6 38. Be4 f6 39. gxf6+ Kxf6 40. Rd6+
Kg5 41. Kc1 Kf4 42. Bd3 Rg7 43. Kd1 Kf3 44. Re6 Be3 0-1

[Event "Tradewise Gibraltar Chess Festival 2013"]
[Site "Gibraltar ENG"]
[Date "2013.01.28"]
[Round "7.26"]
[White "Tania, Sachdev"]
[Black "Jakubiec, Artur"]
[Result "1-0"]
[WhiteElo "2403"]
[BlackElo "2518"]
[PlyCount "85"]
[EventDate "2013.01.22"]
[EventType "swiss"]
[EventRounds "10"]
[EventCountry "ENG"]
[Source "lmi"]
[SourceDate "2013.01.22"]

1. d4 f5 2. e4 fxe4 3. Nc3 Nf6 4. Bg5 Nc6 5. d5 Ne5 6. Qe2 Nf7 7. Bxf6 exf6 8.
Nxe4 Be7 9. d6 cxd6 10. O-O-O O-O 11. Ng3 d5 12. Rxd5 Re8 13. Nf3 Bf8 14. Qd1
d6 15. Bb5 Bd7 16. Bxd7 Qxd7 17. Re1 Rac8 18. Rxe8 Qxe8 19. c3 b5 20. Qe2 Qxe2
21. Nxe2 Rc5 22. Nf4 Be7 23. Nd4 a6 24. Nde6 Rc8 25. Rd4 Ne5 26. Nd5 Kf7 27.
Nxe7 Kxe7 28. Nxg7 b4 29. Nf5+ Ke6 30. Nxd6 Rd8 31. Ne4 Rg8 32. g3 bxc3 33.
Nxc3 Ng4 34. Ra4 Nxf2 35. Rxa6+ Ke5 36. Ra5+ Ke6 37. Kd2 Rd8+ 38. Ke2 Nd3 39.
Rb5 Nc1+ 40. Ke3 Rd3+ 41. Ke4 Rd2 42. Rb6+ Kf7 43. a4 1-0

[Event "Tradewise Gibraltar Chess Festival 2013"]
[Site "Gibraltar ENG"]
[Date "2013.01.28"]
[Round "7.27"]
[White "Harika, Dronavalli"]
[Black "Melia, Salome"]
[Result "1/2-1/2"]
[WhiteElo "2514"]
[BlackElo "2403"]
[PlyCount "89"]
[EventDate "2013.01.22"]
[EventType "swiss"]
[EventRounds "10"]
[EventCountry "ENG"]
[Source "lmi"]
[SourceDate "2013.01.22"]

1. Nf3 Nf6 2. c4 e6 3. d4 d5 4. Nc3 Be7 5. Bg5 h6 6. Bxf6 Bxf6 7. e3 O-O 8. Rc1
Nc6 9. a3 a6 10. h3 Re8 11. Qc2 Bd7 12. Be2 dxc4 13. Bxc4 e5 14. d5 Na7 15. Ne4
Nc8 16. Bd3 c6 17. dxc6 Bxc6 18. O-O Nd6 19. Nxd6 Qxd6 20. Bh7+ Kh8 21. Rfd1
Qe7 22. Be4 Rac8 23. Bxc6 Rxc6 24. Qe4 Rxc1 25. Rxc1 g6 26. b4 Bg7 27. Rc5 Kg8
28. g4 Qd7 29. Kg2 Re7 30. Rd5 Qc7 31. h4 Kh7 32. Rc5 Qd6 33. h5 Bf6 34. Rc8
Kg7 35. Rc5 Qe6 36. Kg3 Qd6 37. Kg2 Qe6 38. Kg3 Qd6 39. a4 Qd1 40. Kg2 Qxa4 41.
hxg6 fxg6 42. Nxe5 Qe8 43. Rc8 Qf7 44. Rc5 Qe8 45. Rc8 1/2-1/2

[Event "Tradewise Gibraltar Chess Festival 2013"]
[Site "Gibraltar ENG"]
[Date "2013.01.28"]
[Round "7.28"]
[White "Aloma Vidal, Robert"]
[Black "Kanep, Meelis"]
[Result "1/2-1/2"]
[WhiteElo "2389"]
[BlackElo "2512"]
[PlyCount "42"]
[EventDate "2013.01.22"]
[EventType "swiss"]
[EventRounds "10"]
[EventCountry "ENG"]
[Source "lmi"]
[SourceDate "2013.01.22"]

1. Nf3 Nf6 2. g3 d5 3. Bg2 g6 4. d4 Bg7 5. c4 dxc4 6. Na3 O-O 7. Nxc4 Be6 8. b3
Bd5 9. O-O a5 10. a4 Nc6 11. Ba3 b6 12. Rc1 Rc8 13. e3 Nb4 14. Qe2 c6 15. Rfd1
b5 16. Ncd2 bxa4 17. bxa4 Na2 18. Rc2 Nb4 19. Rcc1 Na2 20. Rc2 Nb4 21. Rcc1 Na2
1/2-1/2

[Event "Tradewise Gibraltar Chess Festival 2013"]
[Site "Gibraltar ENG"]
[Date "2013.01.28"]
[Round "7.29"]
[White "Dolzhikova, Olga"]
[Black "Mastrovasilis, Athanasios"]
[Result "1-0"]
[WhiteElo "2239"]
[BlackElo "2498"]
[PlyCount "115"]
[EventDate "2013.01.22"]
[EventType "swiss"]
[EventRounds "10"]
[EventCountry "ENG"]
[Source "lmi"]
[SourceDate "2013.01.22"]

1. e4 e5 2. Nc3 Nf6 3. Nf3 Nc6 4. d4 exd4 5. Nxd4 Bc5 6. Nxc6 bxc6 7. Bd3 d6 8.
O-O Bg4 9. Qe1 O-O 10. Na4 Nd7 11. Nxc5 Nxc5 12. f3 Be6 13. Be3 Nd7 14. Bd4 c5
15. Bc3 f6 16. Qg3 Qe8 17. Rae1 Qg6 18. Qh4 Ne5 19. b3 Nxd3 20. cxd3 a5 21. f4
Qg4 22. Qf2 a4 23. f5 Bd7 24. Re3 axb3 25. axb3 h6 26. Rh3 Bb5 27. Rh4 Qg5 28.
Bd2 Ra2 29. Bxg5 Rxf2 30. Rxf2 hxg5 31. Rh3 Ra8 32. Rc2 Ra1+ 33. Kf2 Rd1 34.
Ke2 Rg1 35. Rg3 Kf7 36. Kd2 g6 37. fxg6+ Kxg6 38. Kc3 Rh1 39. Rf2 Rxh2 40. Rgf3
Kg7 41. d4 Bc6 42. dxc5 Bxe4 43. Rxf6 Rxg2 44. Rf7+ Kg6 45. Rxg2 Kxf7 46. Rxg5
Ke6 47. Kd4 Bc2 48. c6 Bxb3 49. Rg7 Bd5 50. Rxc7 Bf3 51. Rc8 Ke7 52. Kc4 d5+
53. Kc5 d4 54. Rc7+ Kd8 55. Rd7+ Kc8 56. Rxd4 Kc7 57. Rd7+ Kc8 58. Rg7 1-0

[Event "Tradewise Gibraltar Chess Festival 2013"]
[Site "Gibraltar ENG"]
[Date "2013.01.28"]
[Round "7.31"]
[White "Muzychuk, Mariya"]
[Black "Teran Alvarez, Ismael"]
[Result "1-0"]
[WhiteElo "2471"]
[BlackElo "2399"]
[PlyCount "109"]
[EventDate "2013.01.22"]
[EventType "swiss"]
[EventRounds "10"]
[EventCountry "ENG"]
[Source "lmi"]
[SourceDate "2013.01.22"]

1. e4 d5 2. exd5 Qxd5 3. Nc3 Qa5 4. d4 Nf6 5. Nf3 Bf5 6. Bc4 e6 7. Bd2 Bb4 8.
Qe2 O-O 9. a3 Nc6 10. O-O Bxc3 11. Bxc3 Qb6 12. h3 Rad8 13. b3 Be4 14. Rad1 Rd6
15. Rd2 Rfd8 16. Rfd1 h6 17. a4 a5 18. Qe3 Nb4 19. Bxb4 axb4 20. Ne5 Bh7 21.
Bd3 Bxd3 22. Rxd3 Qa7 23. Qf4 Rd5 24. Rg3 Kf8 25. Rxg7 Kxg7 26. Rd3 Rxe5 27.
Qxe5 Rd5 28. Rg3+ Kf8 29. Qxf6 Qxd4 30. Qxh6+ Ke7 31. Rf3 Qe5 32. Qh4+ Ke8 33.
Qf4 Qxf4 34. Rxf4 c5 35. g4 b6 36. Kg2 Rd2 37. Rc4 Rd5 38. Kg3 Kf8 39. h4 Kg7
40. h5 Kh6 41. Kh4 Re5 42. f4 Rd5 43. g5+ Kg7 44. Kg4 Kh7 45. Kf3 Kg7 46. Re4
Rd2 47. Re2 Rd1 48. Re5 Rh1 49. h6+ Kg6 50. a5 bxa5 51. Rxc5 Rf1+ 52. Ke3 Re1+
53. Kf2 Rc1 54. Rc8 a4 55. bxa4 1-0

[Event "Tradewise Gibraltar Chess Festival 2013"]
[Site "Gibraltar ENG"]
[Date "2013.01.28"]
[Round "7.32"]
[White "Womacka, Mathias"]
[Black "Karavade, Eesha"]
[Result "1-0"]
[WhiteElo "2442"]
[BlackElo "2391"]
[PlyCount "187"]
[EventDate "2013.01.22"]
[EventType "swiss"]
[EventRounds "10"]
[EventCountry "ENG"]
[Source "lmi"]
[SourceDate "2013.01.22"]

1. e4 e5 2. Nf3 Nc6 3. Bb5 Nf6 4. O-O Nxe4 5. Re1 Nd6 6. Nxe5 Be7 7. Bf1 Nxe5
8. Rxe5 O-O 9. d4 Bf6 10. Re1 Nf5 11. d5 d6 12. Nd2 Nh4 13. Ne4 Bf5 14. Nxf6+
Qxf6 15. Qh5 h6 16. c3 Rfe8 17. Be3 Bg6 18. Qg4 Re4 19. Qg3 Nf5 20. Qf3 Qe7 21.
Bd2 Nh4 22. Qg3 Nf5 23. Qf3 Nh4 24. Qh3 Bf5 25. Qg3 Ng6 26. f3 Rxe1 27. Rxe1
Qf6 28. Be3 Qe5 29. Qxe5 Nxe5 30. Bd4 Ng6 31. g4 Bd7 32. Kf2 a6 33. Kg3 Kf8 34.
f4 Re8 35. Rxe8+ Bxe8 36. c4 Ne7 37. Ba7 c6 38. Bb8 Nc8 39. dxc6 Bxc6 40. Bc7
Ke7 41. Ba5 Be4 42. h4 Na7 43. Bc3 f6 44. b4 Nc6 45. Kf2 Kf7 46. b5 Nb8 47. Bb4
Ke6 48. Ke3 f5 49. gxf5+ Bxf5 50. a4 b6 51. a5 bxa5 52. Bxa5 axb5 53. cxb5 Nd7
54. Kd4 Nc5 55. Bb4 Na4 56. Bc4+ Kd7 57. Bb3 Nb6 58. Ba5 Kc7 59. Bc4 Bg6 60.
Bd3 Bf7 61. f5 Kb7 62. Be4+ Kc7 63. Bc6 Bb3 64. Ke4 Bc2+ 65. Kf4 Bb3 66. f6
gxf6 67. Kf5 Bd1 68. Kxf6 Be2 69. Kg6 h5 70. Kg5 Bd1 71. Kf4 Be2 72. Ke3 Bd1
73. Kd2 Bg4 74. Ke1 Be6 75. Kf2 Bg4 76. Kg2 Be2 77. Kg1 Bd1 78. Kh2 Be2 79. Kg3
Bd1 80. Kf4 Be2 81. Kf5 Bg4+ 82. Kf6 Be2 83. Kg6 Bg4 84. Kh6 Be2 85. Kg5 Bd1
86. Be8 Be2 87. Bxh5 Bxb5 88. Bf3 Be8 89. Be4 d5 90. Bg6 Bxg6 91. Kxg6 Kc6 92.
h5 Nd7 93. h6 d4 94. Kg7 1-0

[Event "Tradewise Gibraltar Chess Festival 2013"]
[Site "Gibraltar ENG"]
[Date "2013.01.28"]
[Round "7.33"]
[White "Vyparina, Matej"]
[Black "Sutovsky, Emil"]
[Result "0-1"]
[WhiteElo "2305"]
[BlackElo "2684"]
[PlyCount "48"]
[EventDate "2013.01.22"]
[EventType "swiss"]
[EventRounds "10"]
[EventCountry "ENG"]
[Source "lmi"]
[SourceDate "2013.01.22"]

1. Nf3 Nf6 2. c4 c5 3. Nc3 Nc6 4. d4 cxd4 5. Nxd4 e6 6. e4 Bb4 7. Nxc6 bxc6 8.
Bd3 e5 9. O-O O-O 10. Qc2 Bc5 11. a3 a5 12. Rb1 Rb8 13. Bd2 d6 14. Na4 Bd4 15.
Bc3 c5 16. Qd2 Nh5 17. Rfd1 Bg4 18. Be2 Bxe2 19. Qxe2 Nf4 20. Qf3 Rb3 21. Bxa5
Rxf3 22. Bxd8 Rxf2 23. Be7 Re8 24. Bxd6 Re6 0-1